Представление документа в формате RUSMARC

ПолеНазваниеЗначение
  Тип записи a
  Библиографический уровень m
001 Контрольный номер UONB/MAIN/7ee50d380d1d46e083cf8c047494592d
005 Дата корректировки 20260428173355.1
010 Индекс ISBN __
d Цена 75 к.
100 Данные общей обработки __
a Данные общей обработки 20260428d1972 u y0rusy018902 ca
101 Язык документа 1_
a Язык текста rus
c Язык оригинала eng
102 Страна публикации __
a Страна публикации RU
105 Кодированные данные (монография) __
a Кодированные данные (монография) a z 001yy
200 Заглавие и сведения об ответственности 1_
a Заглавие Инфракрасные спектры и структура полимеров
f Первые сведения об ответственности А. Эллиот
g Последующие сведения об ответственности перевод с английского В. П. Панова и В. З. Плетнева
g Последующие сведения об ответственности под редакцией Р. Г. Жбанкова
203 Вид содержания и тип средства __
a Вид содержания Текст
b Характеристика содержания визуальный
c Тип средства непосредственный
210 Выходные данные 1_
a Место издания Москва
c Издательство Мир
d Дата издания 1972
215 Физическое описание __
a Объем 159 с.
c Иллюстрации/тип воспроизводства ил., черт.
d Формат 20 см
300 Общие примечания __
a Общие примечания Доп. тит. л.: Infra-red spectra and structure of organic long-chain polymers. Arthur Elliott
320 Библиография __
a Библиография Библиогр.: с. 151-156
606 Тематические рубрики 0_
a Основная рубрика Полимеры
x Основная подрубрика Спектроскопические исследования в ИК-области
610 Ключевые слова 0_
a Ключевые слова полимеры; спектроскопические исследования в ИК-области
675 Индекс УДК __
a Индекс УДК 6П7.55
700 Автор _1
a Фамилия Эллиот
b Имя (инициалы) А.
g Полное личное имя Артур
702 Вторичная интеллектуальная ответственность _1
a Фамилия Панов
b Имя (инициалы) В. П.
4 Код отношения 730
4 Код отношения 080
c Титул (звания) канд. хим. наук
702 Вторичная интеллектуальная ответственность _1
a Фамилия Плетнев
b Имя (инициалы) В. З.
4 Код отношения 730
4 Код отношения 080
c Титул (звания) канд. хим. наук
702 Вторичная интеллектуальная ответственность _1
a Фамилия Жбанков
b Имя (инициалы) Р. Г.
4 Код отношения 340
c Титул (звания) д-р физ.-мат. наук
801 Источник записи _0
a Страна RU
b Организация Ульяновская ОНБ
c Дата составления 20260428
g Правила каталогизации RCR
801 Источник записи _1
a Страна RU
b Организация Ульяновская ОНБ
c Дата составления 20260428
g Правила каталогизации RCR
901 Тип документа __
t Тип документа m
909 Создатель записи __
a Создатель записи Мартьянова
b Дата создания записи 20260428